[Event "51st URS-ch"]
[Site "Lvov URS"]
[Date "1984.04.??"]
[Round "?"]
[White "Balashov, Yury"]
[Black "Tukmakov, Vladimir"]
[Result "1-0"]
[WhiteElo "2535"]
[BlackElo "2550"]
[EventDate "1984.04.02"]
[PlyCount "139"]

1.d4 Nf6 2.c4 d6 3.Nc3 Nbd7 4.Nf3 c6 5.e4 e5 6.Be2 Be7 7.O-O O-O 8.Re1 Re8
9.Bf1 a6 10.a3 b5 11.h3 Bb7 12.Bg5 h6 13.Bh4 Qb8 ( 13...Nh5 ) 14.Bg3 Bf8 
15.b4 Qa7 16.Ra2 g6 17.Rd2 exd4 18.Nxd4 bxc4 ( 18...c5 19.Ndxb5 axb5 20.
Nxb5 Qb6 21.Nxd6 ) 19.Bxc4 d5 20.exd5 Rxe1+ 21.Qxe1 cxd5 22.Bb3 Bg7 23.
Nde2 Nb6 24.Be5 Ne4 ( 24...Re8 25.Bd4 ) 25.Nxe4 Bxe5 26.Nc5 Re8 27.Nf4 Bc6
28.Re2 Bxf4 29.Rxe8+ Bxe8 30.Qxe8+ Kg7 31.g3 Bg5 32.Qc6 a5 33.Bxd5 axb4 
34.axb4 Bd2 35.b5 Qa1+ 36.Kg2 Qf6 ( 36...Qd4 37.Nb3 ) 37.Qb7 Ba5 38.Ne4 
Qf5 39.Bb3 Qd7 40.Qa6 Qd4 41.Qxa5 Qxe4+ 42.Kh2 Qd4 43.Qa2 Nc8 44.Bd5 ( 44.
Bxf7 Nd6 45.Bg8 Qc5 ) 44...Nd6 45.Bc6 h5 46.h4 Kf6 47.Qe2 Nf5 48.Kg2 Qc5 
49.Qf3 Ke6 50.Qe4+ Kf6 51.Qf3 Ke6 52.Qb3+ Kf6 53.Be8 Qc7 54.b6 Qb7+ 55.Kh2
Nd6 ( 55...Nd4 56.Qb2 ) 56.Qc3+ Ke6 57.Qe3+ Kf6 58.Qc3+ Ke6 59.Qc6 Qe7 60.
Qa8 Qb7 ( 60...Nxe8 61.b7 ) 61.Qxb7 Nxb7 62.Bc6 Nd8 63.Be4 Kd6 64.f4 f5 
65.b7 Kc7 66.Bd5 Nxb7 67.Bf7 Kd6 68.Bxg6 Ke6 69.Bxh5 Kf6 70.Bf3 1-0

[Event "51st URS-ch"]
[Site "Lvov URS"]
[Date "1984.04.??"]
[Round "?"]
[White "Dorfman, Iosif"]
[Black "Lerner, Konstantin"]
[Result "1/2-1/2"]
[WhiteElo "2515"]
[BlackElo "2485"]
[EventDate "1984.04.02"]
[PlyCount "124"]

1.c4 Nf6 2.d4 e6 3.Nf3 b6 4.g3 Bb4+ 5.Bd2 Bxd2+ 6.Qxd2 Ba6 7.b3 c6 8.Bg2 
d5 9.O-O O-O 10.Ne5 Nfd7 11.Rd1 Bb7 12.Nc3 Na6 13.f4 Qe7 14.Nxd7 Qxd7 15.
e4 dxe4 16.Bxe4 Rfd8 17.Qe3 Nc7 18.Bf3 Ne8 19.c5 Nf6 20.Qe5 b5 21.a3 a5 
22.Rd2 Ra7 23.h4 Bc8 24.Ne4 Nxe4 25.Qxe4 Rc7 26.Re1 Qe7 27.Qe5 f6 28.Qe3 
Qd7 29.Ree2 Re8 30.b4 axb4 31.axb4 Re7 32.Ra2 Qe8 33.Ra8 Ra7 34.Rb8 Rab7 
35.Rxb7 Bxb7 36.Kh2 Kf8 37.Be4 Qh5 38.Bf3 Qf5 39.Be4 Qh5 40.Kg2 h6 41.Qd3 
Qe8 42.Bf3 Kg8 43.Re3 Bc8 44.Bd1 Bd7 45.Bb3 Kh8 46.Qe2 Bc8 47.Kh2 Qd7 48.
f5 Qxd4 49.Re4 Qc3 50.Bxe6 Re8 51.Kh3 Bxe6 52.fxe6 f5 53.Qh5 fxe4 54.Qxe8+
Kh7 55.h5 Qf3 56.Qf7 Qh1+ 57.Kg4 Qd1+ 58.Kf4 Qd2+ 59.Kxe4 Qxb4+ 60.Kf3 
Qc3+ 61.Kg2 Qc2+ 62.Kh3 Qe4 1/2-1/2

[Event "51st URS-ch"]
[Site "Lvov URS"]
[Date "1984.04.??"]
[Round "?"]
[White "Sokolov, Andrei"]
[Black "Dorfman, Iosif"]
[Result "1/2-1/2"]
[WhiteElo "2495"]
[BlackElo "2515"]
[EventDate "1984.04.02"]
[PlyCount "30"]

1.e4 e5 2.Nf3 Nc6 3.Bb5 a6 4.Ba4 Nf6 5.O-O Be7 6.Re1 b5 7.Bb3 d6 8.c3 O-O 
9.h3 Re8 10.d4 Bb7 11.Ng5 Rf8 12.Nf3 Re8 13.Ng5 Rf8 14.Nf3 Re8 15.Ng5 Rf8 
1/2-1/2